000 00676nam a2200241Ia 4500
003 OSt
005 20220924114801.0
006 a|||||r|||| 00| 0
007 ta
008 220923b |||||||| |||| 00| 0 ara d
024 _a335221
037 _cTextual
040 _aARTS
_cARTS
_bara
041 _2ara
_aara
082 _aO28w1,D9, K8.2
100 _aAl-Buntiyani Batras Au.
_9175354
245 0 _aAdab-al-arabi-al-asr-al-Abbasia
260 _aCairo
_bDar-al-mashkoof Egypt
_c1968
300 _a452p.
_ccm.
650 _aARABIC LITERATURE
942 _hO28w1,D9, K8.2
_cTEXL
_2CC
999 _c395262
_d395262